Health and obesity / (Record no. 8119)

MARC details
000 -LEADER
fixed length control field 00911cam a2200301 a 4500
001 - CONTROL NUMBER
control field 915956
003 - CONTROL NUMBER IDENTIFIER
control field OSt
005 - DATE AND TIME OF LATEST TRANSACTION
control field 20230328115433.0
008 - FIXED-LENGTH DATA ELEMENTS--GENERAL INFORMATION
fixed length control field 820621s1983 nyua b 101 0 eng
010 ## - LIBRARY OF CONGRESS CONTROL NUMBER
LC control number 82012295
020 ## - INTERNATIONAL STANDARD BOOK NUMBER
International Standard Book Number 0890048096
040 ## - CATALOGING SOURCE
Original cataloging agency DLC
Transcribing agency DLC
Modifying agency DLC
050 00 - LIBRARY OF CONGRESS CALL NUMBER
Classification number RC628
Item number .H4 1983
060 ## - NATIONAL LIBRARY OF MEDICINE CALL NUMBER
Classification number WD 210 H434 1981
082 00 - DEWEY DECIMAL CLASSIFICATION NUMBER
Classification number WD 210 K964h
Edition number 19
245 00 - TITLE STATEMENT
Title Health and obesity /
Statement of responsibility, etc. editors, Peter T. Kuo, Hadley L. Conn, Jr., Eugene A. DeFelice.
260 ## - PUBLICATION, DISTRIBUTION, ETC. (IMPRINT)
Place of publication, distribution, etc. New York :
Name of publisher, distributor, etc. Raven Press,
Date of publication, distribution, etc. c1983.
300 ## - PHYSICAL DESCRIPTION
Extent xvi, 184 p. :
Other physical details ill. ;
Dimensions 25 cm.
504 ## - BIBLIOGRAPHY, ETC. NOTE
Bibliography, etc Includes bibliographies and index.
650 #0 - SUBJECT ADDED ENTRY--TOPICAL TERM
Topical term or geographic name as entry element Obesity.
9 (RLIN) 16576
650 #0 - SUBJECT ADDED ENTRY--TOPICAL TERM
Topical term or geographic name as entry element Health.
9 (RLIN) 2172
650 #2 - SUBJECT ADDED ENTRY--TOPICAL TERM
Topical term or geographic name as entry element Obesity
General subdivision Congresses.
9 (RLIN) 16577
700 1# - ADDED ENTRY--PERSONAL NAME
Personal name Kuo, Peter T.
9 (RLIN) 16578
700 1# - ADDED ENTRY--PERSONAL NAME
Personal name Conn, Hadley L.
9 (RLIN) 16579
700 1# - ADDED ENTRY--PERSONAL NAME
Personal name DeFelice, Eugene A.
9 (RLIN) 16580
906 ## - LOCAL DATA ELEMENT F, LDF (RLIN)
a 7
b cbc
c orignew
d 1
e ocip
f 19
g y-gencatlg
942 ## - ADDED ENTRY ELEMENTS (KOHA)
Source of classification or shelving scheme Other/Generic Classification Scheme
Koha item type Open Shelf
Holdings
Withdrawn status Lost status Source of classification or shelving scheme Damaged status Not for loan Home library Current library Date acquired Source of acquisition Inventory number Total Checkouts Full call number Barcode Date last seen Price effective from Koha item type
    Other/Generic Classification Scheme     MUST Main Library MUST Main Library 28/03/2023 Purchase 2564   WD 210 K964h 2023-0405 28/03/2023 28/03/2023 Open Shelf